| Tag |
First Indicator |
Second Indicator |
Subfields |
| LEADER |
00000cam a2200000 4500 |
| 001 |
in00001968366 |
| 006 |
m | d | |
| 007 |
cr |n||||||||n |
| 008 |
791208s1781 enk|||| s 00||||eng d |
| 005 |
20260407190118.5 |
| 035 |
|
|
|a (CStRLIN)ESTCT84103
|
| 040 |
|
|
|a Uk-ES
|c Uk-ES
|d Cu-RivES
|d CStRLIN
|d Thomson Gale
|d UtOrBLW
|
| 100 |
0 |
|
|a Writer of a letter to that gentleman
|q (Benjamin Fawcett)
|
| 245 |
1 |
2 |
|a A plea for truth and candor: in three letters to the author of a pamphlet, intitled Christian catholicism defended: in which are some remarks on the Rev. Benjamin Fawcett's appendix to the second edition of his Candid reflections, &c. By the writer of a letter to that gentleman.
|
| 264 |
|
3 |
|a London :
|b printed for J. Buckland; and Charles Dilly,
|c 1781.
|
| 300 |
|
|
|a vii, 1 unnumbered page, 56p. ;
|c 8⁰.
|
| 336 |
|
|
|a text
|b txt
|2 rdacontent
|
| 337 |
|
|
|a computer
|b c
|2 rdamedia
|
| 338 |
|
|
|a online resource
|b cr
|2 rdacarrier
|
| 500 |
|
|
|a Reproduction of original from the British Library.
|
| 510 |
4 |
|
|a English Short Title Catalog,
|c ESTCT84103.
|
| 533 |
|
|
|a Electronic reproduction.
|b Farmington Hills, Mich. :
|c Thomson Gale,
|d 2003.
|n Available via the World Wide Web.
|n Access limited by licensing agreements
|7 s2003 miunns
|
| 500 |
|
|
|a Electronic resource.
|
| 830 |
|
0 |
|a Eighteenth century collections online.
|
| 856 |
4 |
0 |
|u http://proxy.library.tamu.edu/login?url=https://galenet.galegroup.com/servlet/ECCO?c=1&stp=Author&ste=11&af=BN&ae=T084103&tiPG=1&dd=0&dc=flc&docNum=CW122124976&vrsn=1.0&srchtp=a&d4=0.33&n=10&SU=0LRF&locID=txshracd2898
|z Full text online
|t 0
|
| 999 |
|
|
|a MARS
|
| 999 |
f |
f |
|s 421362a1-9cd7-39e6-9cd5-4513cfbd1b0d
|i 38e56c73-9e48-3636-837b-5c4e39defc0b
|t 0
|
| 952 |
f |
f |
|a Texas A&M University
|b College Station
|c Electronic Resources
|s www_evans
|d Available Online
|t 0
|h No information provided
|
| 998 |
f |
f |
|t 0
|l Available Online
|